Αδαμάντιου Κοραή : τα μετά θάνατον ευρεθέντα συγγραμμάτια

Αποθηκεύτηκε σε:
Λεπτομέρειες βιβλιογραφικής εγγραφής
Κύριος συγγραφέας: Κοραής, Αδαμάντιος, 1748-1833
Άλλοι συγγραφείς: Μάμουκας, Ανδρέας Ζ., 1801-1884 (Επιμελητής έκδοσης)
Μορφή: Βιβλίο
Γλώσσα:Greek
Δημοσίευση: Εν Αθήναις : Εκ του τυπογραφείου Αδελφών Περρή, 1881.
Θέματα:
Ετικέτες: Προσθήκη ετικέτας
Δεν υπάρχουν, Καταχωρήστε ετικέτα πρώτοι!

MARC

LEADER 00000cam a2200000 i 4500
001 1/37931
008 131104s1881 gr | ||| |||| ||gre||
035 |l 10115926 
040 |a GR-MyUA  |b gre  |e AACR2 
041 0 |a gre 
082 7 |a 889.08   |2 (22) 
100 1 |a Κοραής, Αδαμάντιος,   |d 1748-1833. 
245 1 0 |a Αδαμάντιου Κοραή :   |b τα μετά θάνατον ευρεθέντα συγγραμμάτια /   |c Βουλή μεν και δαπάνη της εν Μασσαλία Κεντρικής Επιτροπής Κοραή ; επιμέλεια δε Ανδρέου Ζ. Μαμούκα συλλεγέντα τε και εκδιδόμενα.  
260 |a Εν Αθήναις :   |b Εκ του τυπογραφείου Αδελφών Περρή,   |c 1881.  
300 |a σζ', 525 σ. ;   |c 21 εκ.  
500 |a Στο recto σφραγίδα "Πορφυριάς Αστική Σχολή Καρλοβασίων". -- Στο recto ιδιόχειρη αφιέρωσισ "Τη Πορφυριάδι Σχολή υπο Ιωάννου Λουκιανού Παπανδρέου ο Διευθυντής Κ/ Β.........." με αρ. 1127. 
504 |a Τ.1. περιέχων ύλην Γαλλογραικικού λεξικού και τας εν τω Λεξικώ της Γαλλικής Ακαδημίας ιδιογράφους του Κοραή σημειώσεις. 
650 0 0 |a Philosophy, Greek (Modern) 
650 0 0 |a Greek language, Modern. 
700 1 |a Μάμουκας, Ανδρέας Ζ.,   |d 1801-1884,  |e edt 
852 |a INST  |b SAMOS  |c PORFYRIADA  |e 20131104  |h 889.08 ΚΟΡ  |p 005300035962  |q 005300035962  |t NOLOAN  |y 23  |z τ.1 
852 |a INST  |b SAMOS  |c PORFYRIADA  |e 20131104  |h 889.08 ΚΟΡ  |p 005300035962  |q 005300035962  |t NOLOAN  |v τ.1:  |y 23  |z τ.1 
853 |a INST  |b SAMOS  |c PORFYRIADA  |h 889.08 ΚΟΡ 
901 |a BIBL3-2013-3 
909 |a Σ  |b 178960 
970 |a ΚΟΣΙΕΡΗΣ  |b ΧΡΗΣΤΟΣ  |z 2013/11/04